| 000 | 00332nam a2200121Ia 4500 | ||
|---|---|---|---|
| 999 |
_c9046 _d9046 |
||
| 020 | _a9780340407585 | ||
| 082 | _a792.0280 | ||
| 100 | _aLaurence, Olivier | ||
| 245 | 0 |
_aConfession of an Actor _bThe Autobiography of the greatest actor of our times |
|
| 260 |
_aGreat Britain _bWheelshare Ltd _c1982 |
||
| 300 | _a384 pages | ||
| 942 | _cBK | ||